00676nam a22002057a 450000500170000001000140001702000280003103500130005903700090007208200080008124500380008926000400012727000680016730000300023549000060026570000210027194200220029299900190031495201370033320241209155135.0 a B-761431 a9789388078420c260.00  aB-761431 bGift a000 aRainbow Big Book of Knowledge-2/  aDelhi bRainbow Books c2019(repr.) aF-32, Street No.12, Parwana Road, Jagat Puri, b Delhi e110051 a104p.c25cm(Hb)bcol.ill. v2 aAakanksha955845 2ddccCHmRAIh000 c207504d207504 001040708NFICaLbLd2024-12-09eGift/9.12.24g260.00l0oRAI 000pB-761431r2024-12-09 00:00:00t1v260.00w2024-12-09yCHzGift